000 00611nam a2200205 i 4500
001 74142
003 ES-MaACL
005 20240601063023.0
007 t|
008 040915s1963 sp ||||1| spa d
100 1 _aGonzález-Alegre, Ramón.
_958405
245 1 4 _aLos poemas del pavor y la piedad /
_cRamón González-Alegre.
260 _aPalencia :
_b[s.n.,
_c1963] (
_fImp. Merino)
300 _a42 p. ;
_c22 cm.
490 1 _aColección Rocamador ;
_v24
830 0 0 _aRocamador (Serie) ;
_v24
_9236737
852 _aES-MaACL
_j2089-F-7
_bR.89025
942 _2udc
999 _c74142
_d74142